Hardest Ever Jetpunk Quiz - Statistics

General Stats
  • This quiz has been taken 198 times
  • The average score is 6 of 7
Answer Stats
Hint Answer % Correct
Is 1 a number? Yes
99%
Did you complete this quiz? Yes
99%
How do you spell pneumonoultramicroscopicsilicovolcanoconiosis? pneumonoultramicroscopicsilicovolcanoconiosis
93%
What is the first word in this sentence? What
93%
What is the country that has a capital of Australia? Australia
89%
What is the capital of the country that Thimphu is the capital of? Thimphu
85%
How many questions are there in this quiz? Seven
74%
No matching quizzes found
Score Distribution
Percent of People with Each Score
Percentile by Number Answered
Your Score History
You have not taken this quiz